Statistics for Every Country Shape (with a map)

Click here to take the quiz!

General Stats

  • This quiz has been taken 961 times
  • The average score is 107 of 196

Answer Stats

Country % Correct
United States
99%
Canada
97%
Japan
93%
Australia
92%
China
91%
France
91%
Norway
91%
United Kingdom
91%
Italy
91%
Greece
90%
Indonesia
89%
Chile
89%
Cuba
88%
New Zealand
87%
Philippines
87%
Iceland
87%
India
86%
Vietnam
85%
Thailand
84%
Mexico
84%
Croatia
84%
Russia
84%
Spain
82%
Denmark
81%
Germany
81%
Turkey
81%
Austria
80%
Argentina
80%
Cyprus
79%
South Africa
79%
Portugal
79%
Myanmar
79%
Brazil
78%
Somalia
78%
Laos
77%
Panama
77%
Israel
77%
Malaysia
76%
Papua New Guinea
76%
Gambia
75%
Morocco
75%
Senegal
74%
Pakistan
74%
Bangladesh
74%
Haiti
74%
Egypt
73%
Sweden
73%
Benin
72%
Mali
72%
Madagascar
71%
Ireland
70%
Maldives
70%
Nepal
70%
Namibia
70%
Kazakhstan
70%
Switzerland
69%
Mozambique
69%
Netherlands
68%
Peru
67%
South Korea
67%
Eritrea
67%
Ukraine
67%
Jordan
67%
Finland
66%
Sri Lanka
66%
Democratic Republic of the Congo
66%
Uzbekistan
65%
Mongolia
64%
Estonia
64%
Afghanistan
63%
Venezuela
63%
Iran
63%
Taiwan
63%
Mauritania
63%
Libya
62%
United Arab Emirates
62%
Zambia
61%
North Korea
61%
Bahamas
60%
Angola
60%
Iraq
58%
Cameroon
58%
Jamaica
57%
Oman
57%
Algeria
57%
Malawi
57%
Chad
57%
Malta
56%
Costa Rica
56%
Nicaragua
55%
Kosovo
55%
Tajikistan
55%
Colombia
55%
Tunisia
55%
Trinidad and Tobago
55%
Sudan
54%
Monaco
53%
Togo
53%
Yemen
52%
Bosnia and Herzegovina
52%
Serbia
52%
Equatorial Guinea
52%
Moldova
51%
Czech Republic
51%
Azerbaijan
51%
Turkmenistan
51%
Saudi Arabia
50%
Latvia
50%
Ethiopia
50%
Kyrgyzstan
49%
Syria
49%
Slovakia
49%
Republic of the Congo
49%
Kuwait
49%
Cape Verde
48%
Niger
47%
Côte d'Ivoire
47%
Poland
47%
East Timor
46%
Saint Kitts and Nevis
46%
Vatican City
46%
Albania
46%
Gabon
45%
Paraguay
44%
Romania
44%
Macedonia
44%
Belgium
43%
Guinea-Bissau
42%
Bulgaria
42%
Guatemala
42%
Singapore
42%
Hungary
41%
Central African Republic
41%
Belize
41%
Guinea
41%
Ghana
40%
Liberia
40%
Brunei
40%
Georgia
39%
Burkina Faso
39%
Zimbabwe
38%
Kenya
38%
Belarus
38%
Luxembourg
38%
Antigua and Barbuda
37%
Slovenia
37%
Tanzania
37%
South Sudan
37%
Qatar
36%
São Tomé and Príncipe
36%
Liechtenstein
36%
Montenegro
36%
Solomon Islands
36%
Armenia
35%
Djibouti
35%
Guyana
35%
Honduras
35%
Nigeria
35%
Ecuador
35%
Fiji
34%
Bolivia
34%
Seychelles
34%
Comoros
33%
Botswana
32%
Dominica
32%
Lebanon
32%
El Salvador
31%
Burundi
31%
Lithuania
30%
Kiribati
30%
Nauru
29%
San Marino
29%
Cambodia
29%
Bahrain
29%
Dominican Republic
27%
Saint Lucia
27%
Micronesia
26%
Grenada
26%
Uganda
26%
Vanuatu
26%
Marshall Islands
25%
Sierra Leone
24%
Tuvalu
24%
Palau
24%
Tonga
23%
Samoa
23%
Swaziland
23%
Lesotho
22%
Barbados
22%
Saint Vincent and the Grenadines
22%
Uruguay
21%
Suriname
20%
Bhutan
20%
Rwanda
19%
Andorra
18%
Mauritius
17%

Score Distribution

Percentile by Number Answered

Percent of People with Each Score

Your Score History

You have not taken this quiz